000 02981cam a2200289 4500500
005 20251228100118.0
041 _afre
042 _adc
100 1 0 _aBen Barka, Mokhtar
_eauthor
245 0 0 _aLa place et le rôle de la droite chrétienne dans l'Amérique de George W. Bush
260 _c2008.
500 _a67
520 _aRésuméLa seconde moitié des années 1970 a marqué le retour en force des évangéliques sur le terrain de la politique partisane. Cette forte mobilisation s’est accompagnée de la mise en place par des pasteurs évangéliques, tels que Jerry Falwell et Pat Robertson, d’un vaste réseau de lobbies ultraconservateurs, appelé « droite chrétienne ». Ayant acquis, au cours des dernières années, un poids et une influence considérables, la droite chrétienne s’impose aujourd’hui comme une force politique à part entière, qu’il importe de prendre au sérieux. Après avoir apporté, en 1980, son appui au candidat républicain Ronald Reagan, la droite chrétienne s’est ralliée, en 2000, au «  born again » George W. Bush, considéré comme le meilleur défenseur des valeurs traditionnelles. Depuis son arrivée à la Maison Blanche, le président Bush a multiplié les décisions en faveur de la fraction évangélique de son électorat. Les événements qui ont suivi le 11 septembre 2001 ont eu pour effet de resserrer les liens entre le président américain et ses alliés religieux. Pourtant, leurs relations sont plus complexes qu’on ne le croit.
520 _aThe late 1970s witnessed the massive return of Evangelicals to partisan politics. Along with this strong mobilization, a vast network of ultraconservative lobbies, dubbed “Christian Right”, was set up by Evangelical pastors such as Jerry Falwell and Pat Robertson. Having gained considerable power and influence in recent years, the Christian Right constitutes nowadays a real political force not to be dismissed. After endorsing in 1980 the Republican candidate Ronald Reagan, the Christian Right rallied in 2000 to born-again George W. Bush, viewed as the best defender of traditional values. Ever since he captured the White House, President Bush has taken many decisions favorable to his Evangelical voters. The aftermath of September 11th, 2001, led to the strengthening of the relationship between George W. Bush and his religious allies. Yet, their relations are more complex than what most people think.
690 _adroite chrétienne
690 _aélections
690 _aévangéliques
690 _aGeorge W. Bush
690 _aparti républicain
690 _aChristian Right
690 _aelections
690 _aEvangelicals
690 _aGeorge W. Bush
690 _aRepublican Party
786 0 _nVingtième Siècle. Revue d'histoire | 97 | 1 | 2008-01-07 | p. 39-51 | 0294-1759
856 4 1 _uhttps://shs.cairn.info/revue-vingtieme-siecle-revue-d-histoire-2008-1-page-39?lang=fr&redirect-ssocas=7080
999 _c1606110
_d1606110